Curso de direito do trabalho

Detalles Bibliográficos
Autor principal: Godinho Delgado, Mauricio
Formato: Libro
Lenguaje:portugués
Publicado: Brasil LTR 2016
Materias:
Acceso en línea:Acceso restringido

MARC

LEADER 00000nam a22000007a 4500
005 20160413115940.0
007 cr|||| ||u|
008 160413s2016 bl ||||| |||| 00||0 por d
020 |a 978-85-361-8732-7 
035 |a 14089 
040 |a vLex  
090 |c 5978  |d 5978 
100 1 |a Godinho Delgado, Mauricio  
245 1 0 |a  Curso de direito do trabalho  |h [Recurso electrn̤ico] /  |c Mauricio Godinho Delgado  
256 |a Servicio en ln̕ea  
260 |a Brasil   |b LTR  |c 2016 
300 |a 1 recurso electrn̤ico  
500 |a  O Curso de Direito do Trabalho, de Mauricio Godinho Delgado, ̌produto de sl̤ida formaȯ̂ e experin̊cia jurd̕icas, associando, na medida ideal, consistn̊cia ter̤ica e espr̕ito prt̀ico. Resulta, desse modo, em contribuiȯ̂ doutrinr̀ia diferenciada, que se torna imprescindv̕el aos profissionais do Direito no Brasil. O livro foi revisto, atualizado e ampliado, tomando em conta, inclusive, a nova e diversificada legislaȯ̂ surgida em 2015. Ilustrativamente: EC n. 90/2015; CPC/2015 (Lei n. 13.105/15); Lei dos Motoristas Profissionais (Lei n. 13.103/15); Lei do Trabalho Domštico (LC n. 150/15); Estatuto da Pessoa com Deficin̊cia (Lei n. 13.146/15); Lei do Programa de Proteȯ̂ ao Emprego (MPr. n. 680/15 e Lei n. 13.189/15); mudanȧs legais relativas ao abono salarial do PIS/PASEP e ao seguro desemprego (MPr. n. 665/14 e Lei n. 13.134/15); mudanȧs legais relativas aos pero̕dos de interrupȯ̂ e suspensô contratuais por licenȧ mďica e previdencir̀ia (MPr. n. 664/14 e Lei n. 13.135/15); Lei do Programa de Combate ̉Intimidaȯ̂ Sistemt̀ica – Bullying” - (Lei n. 13.185/15); MPr. n. 696/15, relativa ̉reforma do Ministřio do Trabalho e Emprego. Tambm̌ foi atualizado em conformidade com as mudanȧs jurisprudenciais ocorridas no TST e no STF em 2015. 
506 1 |a Contenido solo disponible en los productos indicados   |d vLex Global  |d vLex Global (Academic Edition, excluding Law Schools)  |d vLex Global (U.S. Academic Edition, Law Schools)  |d vLex Global (U.S. Academic Edition, excluding Law Schools)  |d vLex Global (Academic Edition, Law Schools) 
650 0 4 |a Derecho al trabajo  |z Brasil  
740 0 |a vLex libros (servicio en ln̕ea)  
856 4 0 |u http://vlex.com/source/curso-de-direito-do-trabalho-14089  |z Acceso restringido  
942 |c BOOK 
999 0 |a Right to labor  |b Brasil